00862cam a2200205 4500001001300000003000400013005001700017008004100034010002300075040003200098050004500130110010700175245010600282260004400388300002100432490006500453630002600518710005600544830005600600pa 61000041 DLC20260227111855.0700826s1961 dcu 00000 eng c apa 61000041 //r852 aPan American Union. Library0 aF1405.5 1959b.O7 OEA/Ser.Y/I.1-2aF140220aPan American Union.bOffice of Council and Conference Secretariat Services.bOfficial Records Section.00aOfficial records series of the Organization of American States:bguide, outline, and expanded tables.0 aWashington,bPan American Union,c1961. av, 68 p.c28 cm.1 aOAS official records ;vOEA/Ser.Y/I.1-2, Rev., OAS/Ser.Y/I.300aOAS official records.21aOrganization of American States.tOfficial records. 0aOAS official records ;vOEA/Ser.Y/I.1-2, Rev., etc.